| 000 | 00000nam 2200000zi 4500 |
| 001 | 9.921304 |
| 003 | CaOODSP |
| 005 | 20250507143436 |
| 006 | m o d f |
| 007 | cr cn||||||||| |
| 008 | 230327e20230315onca ob f000 0 eng d |
| 020 | |a9780660481890 |
| 040 | |aCaOODSP|beng|erda|cCaOODSP |
| 043 | |an-cn--- |
| 086 | 1 |aD97-4/10-008-2023E-PDF |
| 245 | 02|aA zero trust approach to security architecture. |
| 264 | 1|a[Ottawa] : |bCommunications Security Establishment = Centre de la sécurité des telecommunications, |cMarch 15, 2023. |
| 300 | |a1 online resource (25 pages) : |billustrations |
| 336 | |atext|btxt|2rdacontent |
| 337 | |acomputer|bc|2rdamedia |
| 338 | |aonline resource|bcr|2rdacarrier |
| 490 | 1 |aManagement ; |vITSM.10.008 |
| 500 | |aCover title. |
| 500 | |a"Unclassified / Non classifié." |
| 500 | |a"TLP:clear." |
| 500 | |a"Canadian Centre for Cyber Security." |
| 500 | |aIssued also in French under title: Approche à vérification systématique pour l’architecture de sécurité. |
| 500 | |a"This publication takes effect on March 15, 2023." |
| 504 | |a Includes bibliographical references (page 25). |
| 650 | 0|aComputer networks|xSecurity measures|zCanada. |
| 650 | 0|aComputer security|zCanada. |
| 710 | 2 |aCanadian Centre for Cyber Security, |eissuing body. |
| 775 | 08|tApproche à vérification systématique pour l’architecture de sécurité.|w(CaOODSP)9.921303 |
| 830 | #0|aManagement series (Communications Security Establishment (Canada))|vITSM.10.008.|w(CaOODSP)9.842856 |
| 856 | 40|qPDF|s632 KB|uhttps://publications.gc.ca/collections/collection_2023/cstc-csec/D97-4-10-008-2023-eng.pdf |
| 856 | 4 |qHTML|sN/A|uhttps://www.cyber.gc.ca/en/zero-trust-approach-security-architecture-itsm10008 |